| 000 | 00365nam a22001577a 4500 | ||
|---|---|---|---|
| 003 | CEME | ||
| 005 | 20210628203331.0 | ||
| 008 | 210304b xxu||||| |||| 00| 0 eng d | ||
| 040 | _c. | ||
| 082 | _a611.12 ABD | ||
| 100 |
_aDr Abdul Rasheed Saial _964773 |
||
| 245 | _aDil aur insani zindagi | ||
| 260 |
_aLAHORE _bPDF _c2000 |
||
| 300 | _a280P | ||
| 942 |
_cBK _2ddc |
||
| 999 |
_c573172 _d573172 |
||